00606nam a22001817a 4500003000900000008004100009040007100050082001700121100001900138245007700157260003400234300007100268650001700339650001300356650001400369650001300383700002800396AR-CdUCM190319b ||||| |||| 00| 0 spa d aMUNICIPALIDAD PROVINCIAL DEL CUSCOcBIBLIOTECA MUNICIPAL DEL CUSCO a632.7 /bM45 aMetcalf, C. L. aInsectos Destructivos e Insectos utiles :bsus costumbres y su control / aMexico :bContinental,c1965. a1208 paginas ;bDibujos, ilustraciones, graficos, cuadros, c23cm. aEntomologia  aAgricola aZootecnia aInsectos aFlint, Wesley Pillsbury